000 00308nam a22001337a 4500
008 170405b xxu||||| |||| 00| 0 eng d
020 _a9780878576999
041 _aeng
080 _a 574
100 _a9
101 _aSHM
245 _aILLUSTRATED ENCYCLOPEDIA OF HERBS
_cKOWALCHIK, C
942 _2udc
_cBK
999 _c9795
_d9795